00713nam a2200145Ia 4500008004100000020001800041082001700059245009300076260004700169300001000216650014500226700008500371952009400456999001700550120629s9999 xx 000 0 und d a84-277-0827-0 a370.71 P466p aPerspectivas y problemas de la función docente / Aurelio Villa, Ray Bolam ... [et al.] aMadrid : II Congreso Mundial Vasco; Narcea a351 p a1. FORMACIÓN PROFESIONAL DE MAESTRO-CONGRESOS \ 2. PORCENTAJE DE PROFESORES-CONGRESOS \ 3. EDUCACIÓN-ESTUDIOS INTERCULTURALES-CONGRESOS aVilla, Aurelio ; coord. \ Bolam Ray ; coord. \ Esteve, José Manuel ; coord.Ì 00104070a15b15d2007-03-23l0o370.71 P466Pp15 001938r2017-12-07t1w2012-06-28yLB c75654d75654